Statistics for Nigerian soccer players scoring during the World Cup

Click here to take the quiz!

General Stats

  • This quiz has been taken 151 times
    (121 since last reset)
  • The average score is 4 of 17

Answer Stats

GoalsYear(s)Player% Correct
42014, 2018Ahmed Musa
77%
12018Victor Moses
52%
21994Daniel Amokachi
30%
11994Rashidi Yekini
29%
11998Sunday Oliseh
29%
21994Emmanuel Amunike
25%
11994Finidi George
25%
12014Peter Odemwingie
24%
22010Kalu Uche
22%
11998Tijjani Babangida
22%
11998Victor Ikpeba
20%
12010Yakubu Aiyegbeni
19%
12002Julius Aghahowa
16%
11998Mutiu Adepoju
16%
11998Garba Lawal
14%
11994Samson Siasia
13%
11998Wilson Oruma
8%

Score Distribution

Percentile by Number Answered

Percent of People with Each Score

Your Score History

You have not taken this quiz since the last reset